[Event "Hradec Kralove op 8th"]
[Site "Hradec Kralove"]
[Date "2017.10.08"]
[Round "9"]
[White "Gronde, Benedikt"]
[Black "Urban, Marek"]
[Result "0-1"]
[WhiteElo "1820"]
[BlackElo "1660"]
[PlyCount "66"]
[EventDate "2017.10.01"]
[EventType "swiss"]
[EventRounds "9"]
[EventCountry "CZE"]
[SourceTitle "CBM 181 Extra"]
[Source "ChessBase"]
[SourceDate "2017.12.12"]
[SourceVersion "1"]
[SourceVersionDate "2017.12.12"]
[SourceQuality "1"]

1. c4 e5 2. Nc3 Nc6 3. Nf3 Nf6 4. d3 h6 5. g3 d5 6. cxd5 Nxd5 7. Nxd5 Qxd5 8. Bg2 Bb4+ 9. Bd2 Bxd2+ 10. Qxd2 0-0 11. 0-0 Qd6 12. Rfd1 Rd8 13. Rac1 Nd4 14. e3 Nxf3+ 15. Bxf3 c6 16. Qc3 Qf6 17. Be2 Be6 18. b3 Rd7 19. Qa5 b6 20. Qa4 c5 21. b4 cxb4 22. Qxb4 Bxa2 23. Qa4 Be6 24. Rc6 Rad8 25. Rdc1 Qe7 26. e4 Kh7 27. f4 exf4 28. gxf4 g6 29. Qa1 Qh4 30. Qe5 Qh3 31. Rc8 Qe3+ 32. Kf1 Bh3+ 33. Ke1 Rxd3 0-1

[Event "Hradec Kralove op 8th"]
[Site "Hradec Kralove"]
[Date "2017.10.02"]
[Round "2"]
[White "Eryshkanova, Anastasiya"]
[Black "Gronde, Benedikt"]
[Result "1-0"]
[WhiteElo "2127"]
[BlackElo "1820"]
[PlyCount "79"]
[EventDate "2017.10.01"]
[EventType "swiss"]
[EventRounds "9"]
[EventCountry "CZE"]
[SourceTitle "CBM 181 Extra"]
[Source "ChessBase"]
[SourceDate "2017.12.12"]
[SourceVersion "1"]
[SourceVersionDate "2017.12.12"]
[SourceQuality "1"]

1. Nf3 d5 2. g3 Nf6 3. Bg2 Bf5 4. c4 e6 5. cxd5 exd5 6. 0-0 Be7 7. d3 0-0 8. Qc2 Nbd7 9. a3 Re8 10. h3 Bd6 11. Nh4 Bg6 12. Nxg6 hxg6 13. e4 c6 14. Nc3 dxe4 15. dxe4 Qe7 16. Re1 Nh7 17. b4 a5 18. b5 cxb5 19. Nxb5 Rac8 20. Qe2 Nc5 21. Nxd6 Qxd6 22. Bf4 Qd3 23. Qxd3 Nxd3 24. Reb1 Nxf4 25. gxf4 g5 26. fxg5 Nxg5 27. Rxb7 Nxe4 28. Rd1 Nf6 29. Rb5 Rc2 30. Rxa5 Ra2 31. Ra4 Rc8 32. Bd5 Nxd5 33. Rxd5 g6 34. Rd7 Rc5 35. Rf4 Rg5+ 36. Kh2 Rxa3 37. Rdxf7 Ra8 38. h4 Rc5 39. R7f6 g5 40. Rg6+ 1-0

[Event "Liberec op 16th"]
[Site "Liberec"]
[Date "2016.02.15"]
[Round "3"]
[White "Sedlak, Jaroslav"]
[Black "Gronde, Benedikt"]
[Result "0-1"]
[WhiteElo "1615"]
[BlackElo "1811"]
[PlyCount "32"]
[EventDate "2016.02.13"]
[EventType "swiss"]
[EventRounds "9"]
[EventCountry "CZE"]
[SourceTitle "CBM 170 Extra"]
[Source "ChessBase"]
[SourceDate "2016.02.25"]
[SourceVersion "1"]
[SourceVersionDate "2016.02.25"]
[SourceQuality "1"]

1. d4 d5 2. e3 Nf6 3. c4 e6 4. Nc3 c6 5. c5 Nbd7 6. b4 e5 7. dxe5 Nxe5 8. Bb2 Ng6 9. Bd3 Ne5 10. Bc2 Nc4 11. Bc1 a5 12. Na4 axb4 13. Bb3 Be6 14. Bd2 Ne4 15. Bxb4 b5 16. Bxc4 Rxa4 0-1

[Event "Hoersching op 3rd"]
[Site "Hoersching"]
[Date "2015.09.05"]
[Round "6"]
[White "Surtmann, Leopold"]
[Black "Gronde, Benedikt"]
[Result "0-1"]
[WhiteElo "1907"]
[BlackElo "1796"]
[PlyCount "118"]
[EventDate "2015.08.31"]
[EventType "swiss"]
[EventRounds "7"]
[EventCountry "AUT"]
[SourceTitle "EXT 2016"]
[Source "ChessBase"]
[SourceDate "2015.10.08"]
[SourceVersion "1"]
[SourceVersionDate "2015.10.08"]
[SourceQuality "1"]

1. e4 e5 2. Nf3 Nc6 3. Bc4 Nf6 4. Nc3 Bb4 5. d3 h6 6. Bd2 0-0 7. a3 Bxc3 8. Bxc3 d6 9. h3 Be6 10. Bb5 Ne7 11. Nd2 Ng6 12. g3 c6 13. Bc4 d5 14. exd5 cxd5 15. Ba2 Qd7 16. Qe2 Bxh3 17. 0-0-0 Rfe8 18. Nb3 b6 19. f3 Bf5 20. Qg2 Rac8 21. g4 Be6 22. Kb1 Qc6 23. g5 hxg5 24. Rh2 g4 25. Rdh1 d4 26. Be1 Qxf3 27. Qg1 Qc6 28. Bh4 Nxh4 29. Rxh4 Qxc2+ 30. Ka1 Kf8 31. Nc1 Bxa2 32. Kxa2 Qc6 33. Qf2 Qd5+ 34. Kb1 a5 35. Rf1 Qf3 36. Qe1 Qe3 37. Qd1 Qg5 38. Rhh1 Kg8 39. Qe2 Nd5 40. Qe4 Nf6 41. Qb7 Qd2 42. Rd1 Qc2+ 43. Ka1 Qc6 44. Qxc6 Rxc6 45. Ne2 Nd5 46. Rh4 Ne3 47. Rdh1 Kf8 48. Ng3 Rec8 49. Ka2 Ke7 50. Rh7 Rg6 51. R1h5 f6 52. Rh8 Rxh8 53. Rxh8 f5 54. Rb8 f4 55. Ne4 g3 56. b4 axb4 57. Rb7+ Kf8 58. Rd7 g2 59. Nd6 Rxd6 0-1

[Event "Hoersching op 3rd"]
[Site "Hoersching"]
[Date "2015.09.03"]
[Round "4"]
[White "Reisinger, Heinz"]
[Black "Gronde, Benedikt"]
[Result "1/2-1/2"]
[WhiteElo "1952"]
[BlackElo "1796"]
[PlyCount "57"]
[EventDate "2015.08.31"]
[EventType "swiss"]
[EventRounds "7"]
[EventCountry "AUT"]
[SourceTitle "EXT 2016"]
[Source "ChessBase"]
[SourceDate "2015.10.08"]
[SourceVersion "1"]
[SourceVersionDate "2015.10.08"]
[SourceQuality "1"]

1. c4 e6 2. Nf3 d5 3. e3 Nf6 4. b3 g6 5. Bb2 Bg7 6. Be2 0-0 7. 0-0 c6 8. d3 Nbd7 9. Nbd2 Re8 10. Rc1 e5 11. cxd5 Nxd5 12. Qc2 N7b6 13. Nc4 Nb4 14. Qb1 Nxc4 15. Rxc4 Nd5 16. Qa1 f6 17. Rd1 Qe7 18. Bf1 Nb6 19. Rc2 Bg4 20. Be2 Rad8 21. h3 Bc8 22. Nd2 Nd5 23. Nc4 Bf8 24. Bf3 Nb6 25. d4 e4 26. Nxb6 axb6 27. Be2 Bg7 28. Rcd2 Be6 29. Qc1 1/2-1/2

[Event "Hoersching op 2nd"]
[Site "Hoersching"]
[Date "2014.08.23"]
[Round "1"]
[White "Gronde, Benedikt"]
[Black "Capco, Jose"]
[Result "1/2-1/2"]
[WhiteElo "1769"]
[BlackElo "2050"]
[PlyCount "66"]
[EventDate "2014.08.23"]
[EventType "swiss"]
[EventRounds "9"]
[EventCountry "AUT"]
[SourceTitle "EXT 2015"]
[Source "ChessBase"]
[SourceDate "2014.11.20"]
[SourceVersion "1"]
[SourceVersionDate "2014.11.20"]
[SourceQuality "1"]

1. e4 e5 2. Nf3 d6 3. Bc4 c6 4. d4 Nd7 5. a4 Be7 6. 0-0 Ngf6 7. Nc3 0-0 8. dxe5 dxe5 9. Qe2 Qc7 10. Bg5 Nc5 11. h3 Ne6 12. Rfd1 h6 13. Bxe6 Bxe6 14. Bh4 Rad8 15. Bg3 Nd7 16. Bh4 g5 17. Bg3 f6 18. Nh2 Kg7 19. Nf3 Bf7 20. Nd4 Nc5 21. Nf5+ Kh7 22. f3 Ne6 23. Kh1 Bc5 24. Qc4 b6 25. Qe2 Nd4 26. Nxd4 Bxd4 27. Bf2 Rd6 28. h4 gxh4 29. Bxh4 Rfd8 30. g4 Kg7 31. Kg2 Bxc3 32. bxc3 Qd7 33. Rxd6 Qxd6 1/2-1/2

[Event "Prague op-B 12th"]
[Site "Prague"]
[Date "2013.??.??"]
[Round "3"]
[White "Gronde, Benedikt"]
[Black "Benes, Petr"]
[Result "0-1"]
[WhiteElo "1821"]
[BlackElo "2113"]
[PlyCount "66"]
[EventDate "2013.01.09"]
[EventType "swiss"]
[EventRounds "9"]
[EventCountry "CZE"]
[SourceTitle "CBM 152 Extra"]
[Source "ChessBase"]
[SourceDate "2013.02.25"]
[SourceVersion "1"]
[SourceVersionDate "2013.02.25"]
[SourceQuality "1"]

1. e4 d6 2. d4 Nf6 3. Nc3 c6 4. Bd3 e5 5. Nf3 Qc7 6. 0-0 Bg4 7. dxe5 dxe5 8. Bc4 Be7 9. Qe2 0-0 10. Bg5 Nbd7 11. Bh4 b5 12. Bb3 Nc5 13. Bg3 Bxf3 14. gxf3 a5 15. a4 b4 16. Nd1 Nxb3 17. cxb3 Nh5 18. Ne3 Bg5 19. Rac1 Nf4 20. Qc4 Qd7 21. Rfd1 Qh3 22. Qf1 Qh5 23. Ng4 Nh3+ 24. Kg2 Bxc1 25. Rxc1 Nf4+ 26. Bxf4 exf4 27. Rxc6 Rac8 28. Qc4 Rxc6 29. Qxc6 Qg5 30. h4 Qxh4 31. Qb5 h5 32. Nh2 Qd8 33. Qxh5 Qd6 0-1

[Event "Prague op-B 12th"]
[Site "Prague"]
[Date "2013.??.??"]
[Round "4"]
[White "Gronde, Benedikt"]
[Black "Mejzlik, Vojtech"]
[Result "1/2-1/2"]
[WhiteElo "1821"]
[BlackElo "2052"]
[PlyCount "38"]
[EventDate "2013.01.09"]
[EventType "swiss"]
[EventRounds "9"]
[EventCountry "CZE"]
[SourceTitle "CBM 152 Extra"]
[Source "ChessBase"]
[SourceDate "2013.02.25"]
[SourceVersion "1"]
[SourceVersionDate "2013.02.25"]
[SourceQuality "1"]

1. e4 c5 2. Nf3 Nc6 3. d4 cxd4 4. Nxd4 Nf6 5. Nc3 e5 6. Ndb5 d6 7. Bg5 a6 8. Na3 b5 9. Nd5 Be7 10. Bxf6 Bxf6 11. c3 0-0 12. Nc2 h6 13. a4 Rb8 14. axb5 axb5 15. Be2 Bg5 16. 0-0 Kh8 17. Bd3 Ne7 18. Ncb4 Nxd5 19. Nxd5 f5 1/2-1/2

[Event "Liberec op 10th"]
[Site "Liberec"]
[Date "2009.10.24"]
[Round "1"]
[White "Gronde, Benedikt"]
[Black "Michalek, Michal"]
[Result "0-1"]
[WhiteElo "1801"]
[BlackElo "2143"]
[PlyCount "88"]
[EventDate "2009.10.24"]
[EventType "swiss"]
[EventRounds "9"]
[EventCountry "CZE"]
[SourceTitle "EXT 2010"]
[Source "ChessBase"]
[SourceDate "2010.11.25"]
[SourceVersion "1"]
[SourceVersionDate "2010.11.25"]
[SourceQuality "1"]

1. c4 Nf6 2. Nf3 g6 3. Nc3 Bg7 4. g3 0-0 5. Bg2 c5 6. 0-0 Nc6 7. d4 cxd4 8. Nxd4 Nxd4 9. Qxd4 d6 10. Rd1 a6 11. Rb1 Bf5 12. Ra1 Ne4 13. Qe3 Nxc3 14. bxc3 Qc7 15. c5 Qxc5 16. Qxc5 dxc5 17. Be3 Bxc3 18. Rac1 Bb4 19. Bxc5 Bxc5 20. Rxc5 b6 21. Rxf5 gxf5 22. Bxa8 Rxa8 23. Rd7 Kf8 24. a4 Rc8 25. Rb7 Rc6 26. Kg2 e6 27. Kf3 Rc4 28. Rxb6 Rxa4 29. Rb7 Kg7 30. Ra7 a5 31. Ke3 Ra2 32. Kd3 a4 33. h3 a3 34. Ra6 Kf6 35. Ra7 Ra1 36. h4 a2 37. Ke3 Ke5 38. h5 Kf6 39. f4 Kg7 40. Kd2 Kh6 41. Kc2 Re1 42. Rxa2 Rxe2+ 43. Kb3 Rxa2 44. Kxa2 Kxh5 0-1